[Event "Bad Woerishofen op 25th"]
[Site "Bad Woerishofen"]
[Date "2009.03.07"]
[Round "3"]
[White "Fiedler, Wolfgang"]
[Black "Sickinger, Wolfgang"]
[Result "1-0"]
[WhiteElo "2068"]
[BlackElo "1868"]
[PlyCount "25"]
[EventDate "2009.03.05"]
[EventType "swiss"]
[EventRounds "9"]
[EventCountry "GER"]
[SourceTitle "CBM 129 Extra"]
[Source "ChessBase"]
[SourceDate "2009.05.05"]
[SourceVersion "2"]
[SourceVersionDate "2009.05.20"]
[SourceQuality "1"]

1. Nf3 f5 2. c4 Nf6 3. Nc3 g6 4. g3 Bg7 5. Bg2 0-0 6. d4 d6 7. d5 a5 8. 0-0 Na6 9. Nd4 Nc5 10. b3 e5 11. dxe6 Qe7 12. Nd5 Qe8 13. Nxc7 1-0

[Event "Seefeld op 17th"]
[Site "Seefeld"]
[Date "2006.10.01"]
[Round "9"]
[White "Becker, Joerg2222"]
[Black "Sickinger, Wolfgang"]
[Result "1-0"]
[WhiteElo "1945"]
[BlackElo "1644"]
[PlyCount "67"]
[EventDate "2006.09.23"]
[EventType "swiss"]
[EventRounds "9"]
[EventCountry "AUT"]
[SourceTitle "EXT 2009"]
[Source "ChessBase"]
[SourceDate "2008.11.26"]
[SourceVersion "1"]
[SourceVersionDate "2008.11.26"]
[SourceQuality "1"]

1. d4 f5 2. g3 Nf6 3. Bg2 g6 4. c4 Bg7 5. Nc3 0-0 6. Nh3 d6 7. d5 Na6 8. Nf4 Nc5 9. 0-0 Rb8 10. Nd3 Nxd3 11. Qxd3 Bd7 12. e4 fxe4 13. Nxe4 Nxe4 14. Bxe4 c5 15. a4 Qe8 16. Qc2 Qf7 17. Bf4 Bf5 18. Rfe1 Rbe8 19. Bxf5 Qxf5 20. Qxf5 Rxf5 21. Bxd6 Bxb2 22. Ra2 Bd4 23. Rxe7 Rxe7 24. Bxe7 Rf3 25. Re2 Kf7 26. d6 Bf6 27. Bxf6 Rxf6 28. Re7+ Kf8 29. Rxb7 Rxd6 30. Rxa7 Rd4 31. Rc7 Rxc4 32. a5 h5 33. a6 Ra4 34. a7 1-0